<?xml version="1.0" encoding="UTF-8"?>
<record
    xmlns:xsi="http://www.w3.org/2001/XMLSchema-instance"
    xsi:schemaLocation="http://www.loc.gov/MARC21/slim http://www.loc.gov/standards/marcxml/schema/MARC21slim.xsd"
    xmlns="http://www.loc.gov/MARC21/slim">

  <leader>00918nam a2200205   4500</leader>
  <controlfield tag="003">LK-CoMWRAF</controlfield>
  <controlfield tag="005">20240118133939.0</controlfield>
  <controlfield tag="008">231214b        |||||||| |||| 00| 0 eng d</controlfield>
  <datafield tag="020" ind1=" " ind2=" ">
    <subfield code="a">9789558695029</subfield>
  </datafield>
  <datafield tag="040" ind1=" " ind2=" ">
    <subfield code="a">LK-CoMWRAF</subfield>
    <subfield code="d">LK-CoMWRAF</subfield>
    <subfield code="e">LK-CoMWRAF</subfield>
  </datafield>
  <datafield tag="041" ind1=" " ind2=" ">
    <subfield code="a">sin</subfield>
  </datafield>
  <datafield tag="082" ind1=" " ind2=" ">
    <subfield code="a">307.76</subfield>
    <subfield code="b">WYA</subfield>
  </datafield>
  <datafield tag="245" ind1=" " ind2=" ">
    <subfield code="a">&#xDC0;&#xDCA;&#x200D;&#xDBA;&#xDC3;&#xDB1;&#xDBA;&#xDB1;&#xDCA;&#xDA7; &#xDC3;&#xDCA;&#xDAD;&#xDCA;&#x200D;&#xDBB;&#xDD3;&#xDB1;&#xDCA;&#xD9C;&#xDDA; &#xDB4;&#xDCA;&#x200D;&#xDBB;&#x200D;&#xDAD;&#xDD2;&#xDA0;&#xDCF;&#xDBB; : </subfield>
    <subfield code="b">&#xDAF;&#xD9A;&#xDD4;&#xDAB;&#xDD4; &#xD86;&#xDC3;&#xDD2;&#xDBA;&#xDCF;&#xDC0;&#xDDA; &#xD85;&#xDAD;&#xDCA;&#xDAF;&#xDD0;&#xD9A;&#xDD3;&#xDB8;&#xDCA; &#xDC4;&#xDCF; &#xD85;&#xDB7;&#xDD2;&#xDBA;&#xDDD;&#xD9C;</subfield>
  </datafield>
  <datafield tag="246" ind1=" " ind2=" ">
    <subfield code="a">Wyasanayanta streenge prathichara : dakunu asiyawe athdakeem ha abhiyooga</subfield>
  </datafield>
  <datafield tag="260" ind1=" " ind2=" ">
    <subfield code="a">&#xDB8;&#xDA9;&#xD9A;&#xDBD;&#xDB4;&#xDD4;&#xDC0; :</subfield>
    <subfield code="b">&#xDC3;&#xDD6;&#xDBB;&#xDD2;&#xDBA;&#xDCF; &#xDC3;&#xDCA;&#xDAD;&#xDCA;&#x200D;&#xDBB;&#xDD3; &#xDC3;&#xD82;&#xDC0;&#xDBB;&#xDCA;&#xDB0;&#xDB1; &#xDB8;&#xDB0;&#xDCA;&#x200D;&#xDBA;&#xDC3;&#xDCA;&#xDAE;&#xDCF;&#xDB1;&#xDBA;,</subfield>
    <subfield code="c">2007</subfield>
  </datafield>
  <datafield tag="300" ind1=" " ind2=" ">
    <subfield code="a">&#xDB4;&#xDD2;. 164</subfield>
  </datafield>
  <datafield tag="700" ind1=" " ind2=" ">
    <subfield code="a">&#xD91;&#xDB8;&#xDCA;&#xDB8;&#xDD0;&#xDB1;&#xDD4;&#xDC0;&#xDD9;&#xDBD;&#xDCA;, &#xDC3;&#xDBB;&#xDBD;&#xDCF;</subfield>
    <subfield code="e">ed.</subfield>
  </datafield>
  <datafield tag="700" ind1=" " ind2=" ">
    <subfield code="a">&#xDB8;&#xDDE;&#xDB1;&#xD9C;&#xDD4;&#xDBB;&#xDD4;, &#xDC3;&#xDD2;&#xDAD;&#xDCA;&#xDBB;&#xDBD;&#xDDA;&#xD9C;&#xDCF;</subfield>
    <subfield code="e">ed.</subfield>
  </datafield>
  <datafield tag="942" ind1=" " ind2=" ">
    <subfield code="c">BK</subfield>
  </datafield>
  <datafield tag="952" ind1=" " ind2=" ">
    <subfield code="0">0</subfield>
    <subfield code="1">0</subfield>
    <subfield code="4">0</subfield>
    <subfield code="7">0</subfield>
    <subfield code="a">MAIN</subfield>
    <subfield code="b">MAIN</subfield>
    <subfield code="d">2023-12-14</subfield>
    <subfield code="l">0</subfield>
    <subfield code="o">300 WYA</subfield>
    <subfield code="p">RAF4858</subfield>
    <subfield code="r">2023-12-14</subfield>
    <subfield code="w">2023-12-14</subfield>
    <subfield code="y">BK</subfield>
  </datafield>
  <datafield tag="999" ind1=" " ind2=" ">
    <subfield code="c">4467</subfield>
    <subfield code="d">4467</subfield>
  </datafield>
</record>
